Statistics for Країни світу

Click here to take the quiz!

General Stats

  • This quiz has been taken 247 times
  • The average score is 88 of 196

Answers on the Map

Answers color-coded by a green-red scale on the quiz's map according to % correct below.
 

Answer Stats

країна% Correct
Україна
92%
Сполучені Штати
90%
Росія
89%
Канада
89%
Китай
88%
Франція
87%
Польща
86%
Італія
85%
Казахстан
84%
Німеччина
83%
Бразилія
83%
Румунія
81%
Австралія
81%
Японія
80%
Іспанія
79%
Швеція
79%
Індія
79%
Молдова
79%
Білорусь
79%
Північна Корея
78%
Мексика
77%
Литва
76%
Чехія
76%
Туреччина
75%
Латвія
75%
Австрія
74%
Єгипет
74%
Південна Корея
74%
Португалія
74%
Норвегія
73%
Швейцарія
73%
Іран
72%
Фінляндія
72%
Естонія
72%
Об'єднане Королівство
71%
Словаччина
70%
Данія
70%
Нідерланди
70%
Монголія
70%
Угорщина
70%
Греція
70%
Ірак
70%
Ірландія
69%
Аргентина
68%
Болгарія
67%
Ісландія
66%
Чилі
66%
Бельгія
66%
Албанія
63%
Мадагаскар
63%
Алжир
63%
Перу
62%
Сербія
62%
Нігер
62%
Грузія
61%
Хорватія
61%
Словенія
61%
Ізраїль
61%
Пакистан
59%
Кіпр
57%
Куба
57%
Узбекистан
57%
Індонезія
57%
Об'єднані
Арабські Емірати
56%
Нігерія
55%
Люксембург
55%
Вірменія
55%
Колумбія
54%
Сирія
54%
Боснія і
Герцеговина
54%
Уругвай
53%
Марокко
53%
Афганістан
53%
Нова Зеландія
52%
Азербайджан
52%
Саудівська Аравія
51%
Північна Македонія
51%
Косово
51%
Чорногорія
50%
Еквадор
49%
Туркменістан
49%
Венесуела
48%
Конго
48%
Таджикистан
48%
Оман
47%
В'єтнам
47%
Болівія
46%
Непал
46%
Філіппіни
46%
Тайвань
46%
Ватикан
45%
Таїланд
45%
Киргизстан
45%
Парагвай
45%
Ефіопія
44%
Мальта
44%
Судан
44%
Панама
44%
Шрі Ланка
43%
Сомалі
43%
Лівія
43%
Йорданія
43%
Ємен
41%
Туніс
41%
Монако
41%
Ямайка
41%
Андорра
39%
Мальдіви
39%
Ліван
39%
Гвінея
39%
Гондурас
39%
Ліхтенштейн
38%
Бутан
38%
Бангладеш
37%
Чад
37%
Папуа-Нова Гвінея
37%
Сан-Марино
37%
Кенія
37%
Малайзія
37%
Лаос
37%
Ангола
36%
Катар
35%
Малі
34%
Кувейт
33%
Південна Африка
33%
Коста-Ріка
33%
Домініка
32%
Камбоджа
31%
Замбія
30%
М'янма
30%
Гайана
30%
Камерун
30%
Гана
30%
Демократична
Республіка Конго
30%
Гватемала
29%
Зімбабве
29%
Нікарагуа
28%
Намібія
27%
Ліберія
26%
Гаїті
26%
Того
26%
Мавританія
26%
Південний Судан
26%
Мозамбік
26%
Сінгапур
26%
Сенегал
26%
Габон
26%
Сальвадор
26%
Танзанія
25%
Уганда
25%
Ботсвана
25%
Централь-
ноафриканська
Республіка
25%
Сурінам
24%
Беліз
24%
Бенін
23%
Еритрея
23%
Бахрейн
23%
Фіджі
22%
Домініканська
республіка
22%
Лесото
20%
Багамські острови
19%
Бурунді
19%
Бруней
19%
Тимор-Лешті
19%
Буркіна Фасо
19%
Кот-д'Івуар
19%
Руанда
19%
Малаві
19%
Екваторіальна
Гвінея
19%
Есватіні
18%
Гвінея-Бісау
18%
Кабо-Верде
17%
Маврикій
17%
Гамбія
17%
Тувалу
15%
Вануату
15%
Сьєрра-Леоне
15%
Джібуті
15%
Барбадос
14%
Мікронезія
14%
Тонга
14%
Соломонові острови
14%
Самоа
13%
Тринідад і Тобаго
13%
Науру
12%
Сейшельські острови
12%
Коморські острови
12%
Палау
12%
Гренада
12%
Антигуа і Барбуда
11%
Кірібаті
10%
Сент-Люсія
9%
Сент-Кітс і Невіс
9%
Маршаллові острови
9%
Сан-Томе і Прінсіпі
8%
Сент-Вінсент і
Гренадини
8%

Score Distribution

Percentile by Number Answered

Percent of People with Each Score

Your Score History

You have not taken this quiz